[Event "Poznan op 27th"]
[Site "Poznan"]
[Date "2019.08.18"]
[Round "2"]
[White "Chmiel, Marcin"]
[Black "Somyk, Marcin"]
[Result "1-0"]
[WhiteElo "2212"]
[BlackElo "1849"]
[PlyCount "61"]
[EventDate "2019.08.18"]
[EventType "swiss"]
[EventRounds "9"]
[EventCountry "POL"]
[SourceTitle "EXT 2020"]
[Source "ChessBase"]
[SourceDate "2019.10.17"]
[SourceVersion "1"]
[SourceVersionDate "2019.10.17"]
[SourceQuality "1"]

1. Nf3 Nc6 2. g3 e5 3. d3 Nf6 4. Bg2 Be7 5. 0-0 0-0 6. c4 h6 7. Nc3 d6 8. b3 Bf5 9. Bb2 Qd7 10. Rc1 Bh3 11. a3 a5 12. Nd5 Bxg2 13. Kxg2 Ne8 14. e4 Bd8 15. Nd2 f5 16. exf5 Qxf5 17. Ne4 Nd4 18. f4 c6 19. Ne3 Qd7 20. fxe5 Rxf1 21. Qxf1 Nxb3 22. Rc2 Bb6 23. Qf5 Qe7 24. Ng4 d5 25. cxd5 cxd5 26. Nef6+ Nxf6 27. exf6 Qf7 28. Rc8+ Rxc8 29. Qxc8+ Kh7 30. fxg7 d4 31. Qh8+ 1-0

[Event "Krakow op-B 27th"]
[Site "Krakow"]
[Date "2016.12.27"]
[Round "1"]
[White "Wilk, Tomasz"]
[Black "Somyk, Marcin"]
[Result "1-0"]
[WhiteElo "1875"]
[BlackElo "2065"]
[PlyCount "91"]
[EventDate "2016.12.27"]
[EventType "swiss"]
[EventRounds "9"]
[EventCountry "POL"]
[SourceTitle "CBM 176 Extra"]
[Source "ChessBase"]
[SourceDate "2017.03.02"]
[SourceVersion "1"]
[SourceVersionDate "2017.03.02"]
[SourceQuality "1"]

1. d4 Nf6 2. c4 e6 3. g3 c5 4. Nf3 cxd4 5. Nxd4 Nc6 6. Bg2 Bb4+ 7. Bd2 Be7 8. Nxc6 bxc6 9. e4 Qc7 10. 0-0 0-0 11. Nc3 d6 12. h3 e5 13. Be3 Be6 14. b3 Nd7 15. Rc1 Qa5 16. Qd2 Kh8 17. Rfd1 Rad8 18. Na4 Qa6 19. c5 Nxc5 20. Bf1 Qc8 21. Nxc5 dxc5 22. Qc3 Rd4 23. Bxd4 exd4 24. Qa5 Qd7 25. Rxc5 Bxc5 26. Qxc5 Rd8 27. Kh2 f5 28. e5 Qd5 29. Qxd5 Rxd5 30. f4 Rc5 31. Rxd4 Rc2+ 32. Kg1 g5 33. Bc4 Bxc4 34. Rxc4 Rxa2 35. Rxc6 gxf4 36. gxf4 Kg7 37. Rf6 Rb2 38. Rxf5 Rxb3 39. Kg2 a5 40. Rf6 a4 41. Ra6 a3 42. h4 Re3 43. h5 Kf7 44. h6 Kg8 45. e6 a2 46. Ra8# 1-0

[Event "Wroclaw-ch op-B"]
[Site "Wroclaw"]
[Date "2016.08.21"]
[Round "1.2"]
[White "Dadello, Barbara"]
[Black "Somyk, Marcin"]
[Result "0-1"]
[WhiteElo "1380"]
[BlackElo "2047"]
[PlyCount "134"]
[EventDate "2016.08.09"]
[EventType "swiss"]
[EventRounds "9"]
[EventCountry "POL"]
[SourceTitle "EXT 2023"]
[Source "ChessBase"]
[SourceDate "2022.10.05"]
[SourceVersion "1"]
[SourceVersionDate "2022.10.05"]
[SourceQuality "1"]

1. e4 e6 2. d4 d5 3. Nc3 Bb4 4. e5 c5 5. a3 Bxc3+ 6. bxc3 Qa5 7. Bd2 Qa4 8. Nf3 b6 9. Bd3 Ba6 10. Bxa6 Nxa6 11. 0-0 Ne7 12. Be3 Rc8 13. Re1 h6 14. Re2 c4 15. Nh4 Nc7 16. Qb1 Kd7 17. f4 Rcg8 18. Nf3 Nb5 19. Qb2 Nc7 20. Rf2 Nf5 21. Bd2 Kc8 22. Rb1 Kb7 23. Rff1 f6 24. Qb4 Qxb4 25. Rxb4 Kc6 26. a4 Rb8 27. Ra1 a5 28. Rb2 Ne7 29. h3 Rb7 30. Rba2 Ra8 31. Bc1 b5 32. axb5+ Rxb5 33. Ba3 Kd7 34. Bc5 Nc6 35. Nd2 Rab8 36. Ba3 f5 37. Kf2 Rg8 38. Rg1 g5 39. g3 gxf4 40. gxf4 Rxg1 41. Kxg1 Ne7 42. Kf2 Ng6 43. Kf3 Ke8 44. Ra1 Kf7 45. Nf1 Ne8 46. Ng3 Nh4+ 47. Kf2 Ng7 48. Rg1 Ng6 49. Kf3 h5 50. Ne2 h4 51. Ra1 Ne7 52. Kf2 Nc6 53. Rg1 Rb8 54. Kf3 Nh5 55. Rg5 Ng7 56. Rg1 Nh5 57. Rg5 Rh8 58. Kf2 Na7 59. Kf3 Nb5 60. Bb2 a4 61. Rg1 a3 62. Ba1 a2 63. Bb2 Rb8 64. Ra1 Nxd4+ 65. cxd4 Rxb2 66. Nc3 Rxc2 67. Nxa2 Rh2 0-1

[Event "Wroclaw-ch op-B"]
[Site "Wroclaw"]
[Date "2016.08.21"]
[Round "3.2"]
[White "Holownia, Michal"]
[Black "Somyk, Marcin"]
[Result "0-1"]
[WhiteElo "1926"]
[BlackElo "2047"]
[PlyCount "118"]
[EventDate "2016.08.09"]
[EventType "swiss"]
[EventRounds "9"]
[EventCountry "POL"]
[SourceTitle "EXT 2023"]
[Source "ChessBase"]
[SourceDate "2022.10.05"]
[SourceVersion "1"]
[SourceVersionDate "2022.10.05"]
[SourceQuality "1"]

1. e4 d6 2. d4 Nf6 3. Nc3 e5 4. Nf3 exd4 5. Nxd4 g6 6. g3 Bg7 7. Bg2 0-0 8. 0-0 Re8 9. Bg5 h6 10. Bf4 a6 11. h3 Nfd7 12. Qd2 Kh7 13. Rad1 Nc6 14. Nxc6 bxc6 15. Rfe1 Rb8 16. b3 Re7 17. Ne2 Qh8 18. c4 Bb7 19. Rc1 c5 20. Qa5 Ne5 21. Bxe5 Bxe5 22. Nc3 Bd4 23. Ne2 Bb2 24. Rb1 Rbe8 25. Qd2 Ba3 26. Qf4 Bb4 27. Red1 f5 28. exf5 g5 29. Qg4 Bxg2 30. Nf4 Bf3 31. Qxf3 gxf4 32. Qxf4 Re4 33. Qf3 Qf6 34. Rd5 Bc3 35. Rd3 Bd4 36. Rd2 Qg5 37. Rc2 h5 38. b4 R8e5 39. b5 axb5 40. Rxb5 Re1+ 41. Kg2 Qxf5 42. Qxf5+ Rxf5 43. Rb7 Rf7 44. g4 h4 45. a4 Ra1 46. Ra7 Kg7 47. a5 Re7 48. Kf3 Ra3+ 49. Kg2 Kf6 50. Rd2 Bc3 51. Rd5 Rxa5 52. Rxa5 Bxa5 53. Rh5 Kg6 54. Rxh4 Rh7 55. Rxh7 Kxh7 56. Kf3 Kg6 57. Ke4 Be1 58. f4 c6 59. f5+ Kf6 0-1

[Event "Wroclaw-ch op-B"]
[Site "Wroclaw"]
[Date "2016.08.21"]
[Round "2.2"]
[White "Somyk, Marcin"]
[Black "Ulanicka, Aleksandra"]
[Result "1-0"]
[WhiteElo "2047"]
[BlackElo "1473"]
[PlyCount "129"]
[EventDate "2016.08.09"]
[EventType "swiss"]
[EventRounds "9"]
[EventCountry "POL"]
[SourceTitle "EXT 2023"]
[Source "ChessBase"]
[SourceDate "2022.10.05"]
[SourceVersion "1"]
[SourceVersionDate "2022.10.05"]
[SourceQuality "1"]

1. e4 d6 2. d4 e5 3. Nf3 exd4 4. Nxd4 Qh4 5. Nc3 Nf6 6. g3 Qg4 7. Qxg4 Bxg4 8. Bg2 Nc6 9. Nxc6 bxc6 10. e5 Nd5 11. Nxd5 cxd5 12. Bxd5 Rb8 13. Bc6+ Bd7 14. Bxd7+ Kxd7 15. exd6 Bxd6 16. c3 Rhe8+ 17. Kd1 Re6 18. Re1 Rxe1+ 19. Kxe1 a5 20. Ke2 a4 21. Kd3 Bc5 22. f3 Kc6 23. Kc4 Re8 24. Bf4 Re2 25. b4 axb3 26. axb3 Rxh2 27. b4 Bd6 28. b5+ Kb7 29. Bxd6 cxd6 30. Re1 Kb6 31. Re7 Rh3 32. Rxf7 Rxg3 33. Kd5 h5 34. Rf8 h4 35. Rb8+ Kc7 36. Rh8 h3 37. Ke4 g5 38. c4 Kb6 39. Rc8 h2 40. Rh8 Rg2 41. Kd4 Ka5 42. Kd5 Rd2+ 43. Kc6 Rc2 44. Kxd6 Rxc4 45. Rxh2 Kxb5 46. Rh5 Rc6+ 47. Ke7 Kc5 48. f4 Kd5 49. fxg5 Rc7+ 50. Kf6 Rc6+ 51. Kf5 Rc1 52. g6 Rf1+ 53. Kg5 Ke6 54. Kh6 Kf6 55. Rh2 Rf3 56. g7 Rg3 57. Rf2+ Ke7 58. Kh7 Rh3+ 59. Kg8 Ra3 60. Rf4 Ra2 61. Rf7+ Ke8 62. Rf4 Ke7 63. Rf3 Ra1 64. Rh3 Kf6 65. Kh8 1-0

[Event "CZE-chT2D 1516"]
[Site "Czech Republic"]
[Date "2016.04.17"]
[Round "11.2"]
[White "Somyk, Marcin"]
[Black "Smutny, Jan"]
[Result "1-0"]
[WhiteElo "2029"]
[BlackElo "2232"]
[PlyCount "71"]
[EventDate "2015.10.18"]
[EventType "team-tourn"]
[EventRounds "11"]
[EventCountry "CZE"]
[SourceTitle "EXT 2022"]
[Source "ChessBase"]
[SourceDate "2021.10.06"]
[SourceVersion "1"]
[SourceVersionDate "2021.10.06"]
[SourceQuality "1"]
[WhiteTeam "Rychnov nad Kneznou"]
[BlackTeam "Pardubice Rapid II"]
[WhiteTeamCountry "CZE"]
[BlackTeamCountry "CZE"]

1. e4 e5 2. Nf3 Nc6 3. Bb5 a6 4. Bxc6 dxc6 5. 0-0 Qd6 6. Na3 Be6 7. Qe2 f6 8. Rd1 c5 9. c3 Rd8 10. d4 cxd4 11. cxd4 c5 12. d5 Bg4 13. Nc4 Qc7 14. Bd2 b6 15. a4 a5 16. h3 Bc8 17. Bc3 Bd6 18. Nfd2 Nh6 19. Ra3 0-0 20. Rb3 Ba6 21. Qh5 Rb8 22. Rxb6 Rxb6 23. Bxa5 Rfb8 24. Nxb6 Rxb6 25. Qe8+ Bf8 26. Bxb6 Qxb6 27. Nb1 Nf7 28. d6 Qb3 29. Nc3 Qc2 30. d7 Be2 31. Qe6 Bxd1 32. d8Q Bg4 33. hxg4 Qc1+ 34. Qd1 Qxb2 35. Qdd5 Qc1+ 36. Nd1 1-0

[Event "POL-chT3 Dolnoslaskie 1516"]
[Site "Poland"]
[Date "2016.03.06"]
[Round "8.4"]
[White "Czyz, Artur"]
[Black "Somyk, Marcin"]
[Result "0-1"]
[WhiteElo "1965"]
[BlackElo "2021"]
[PlyCount "68"]
[EventDate "2015.10.18"]
[EventType "team-tourn"]
[EventRounds "11"]
[EventCountry "POL"]
[SourceTitle "EXT 2018"]
[Source "ChessBase"]
[SourceDate "2017.10.13"]
[SourceVersion "1"]
[SourceVersionDate "2017.10.13"]
[SourceQuality "1"]

1. e4 e5 2. Nf3 Nc6 3. d4 exd4 4. Nxd4 g6 5. Nc3 Bg7 6. Nf3 Nf6 7. Bc4 0-0 8. 0-0 Re8 9. Bg5 h6 10. Bh4 d6 11. Qd3 g5 12. Bg3 Nd7 13. Qd5 Qf6 14. Qd2 Nb6 15. Bb3 Bg4 16. Nd5 Nxd5 17. exd5 Bxf3 18. dxc6 Bxc6 19. c3 Qf5 20. f3 Re7 21. Rad1 Rae8 22. Bc2 Qc5+ 23. Bf2 Qc4 24. Bd3 Qxa2 25. Bb1 Qc4 26. Qc2 Bb5 27. Qh7+ Kf8 28. Bd3 Qb3 29. Bd4 f6 30. c4 Bxc4 31. Bc2 Qb5 32. Bc3 Bxf1 33. Rxf1 Qc5+ 34. Kh1 Qf2 0-1

[Event "CZE-chT2D 1516"]
[Site "Czech Republic"]
[Date "2016.02.07"]
[Round "7.6"]
[White "Somyk, Marcin"]
[Black "Mares, Jan"]
[Result "1/2-1/2"]
[WhiteElo "2029"]
[BlackElo "1990"]
[PlyCount "85"]
[EventDate "2015.10.18"]
[EventType "team-tourn"]
[EventRounds "11"]
[EventCountry "CZE"]
[SourceTitle "EXT 2022"]
[Source "ChessBase"]
[SourceDate "2021.10.06"]
[SourceVersion "1"]
[SourceVersionDate "2021.10.06"]
[SourceQuality "1"]
[WhiteTeam "Rychnov nad Kneznou"]
[BlackTeam "Usti nad Orlici"]
[WhiteTeamCountry "CZE"]
[BlackTeamCountry "CZE"]

1. d4 Nf6 2. c4 c5 3. d5 e6 4. Nc3 exd5 5. cxd5 d6 6. e4 g6 7. f4 Bg7 8. Bb5+ Nfd7 9. Nf3 a6 10. Bd3 b5 11. 0-0 0-0 12. a4 b4 13. Nb1 a5 14. Nbd2 Nb6 15. Nc4 Nxc4 16. Bxc4 Re8 17. Qd3 Ba6 18. Ra2 Bxc4 19. Qxc4 Nd7 20. b3 Nb6 21. Qd3 Qc8 22. Nd2 Qa6 23. Qxa6 Rxa6 24. f5 Bd4+ 25. Kh1 Bc3 26. fxg6 fxg6 27. Rf4 Ra7 28. Nf3 Rae7 29. Ng5 Nxd5 30. Rf1 Nb6 31. Bf4 Be5 32. Be3 Bd4 33. Bxd4 cxd4 34. Rd2 h6 35. Nf3 Rxe4 36. Nxd4 Rc8 37. Nb5 Re6 38. h4 d5 39. Nd4 Rd6 40. Re2 Rf8 41. Rc1 Nd7 42. Rc7 Nf6 43. Ree7 1/2-1/2

[Event "Krakow op-B 25th"]
[Site "Krakow"]
[Date "2014.12.30"]
[Round "5"]
[White "Somyk, Marcin"]
[Black "Buehler, Florian"]
[Result "0-1"]
[WhiteElo "1988"]
[BlackElo "2053"]
[PlyCount "78"]
[EventDate "2014.12.27"]
[EventType "swiss"]
[EventRounds "9"]
[EventCountry "POL"]
[SourceTitle "CBM 164 Extra"]
[Source "ChessBase"]
[SourceDate "2015.03.02"]
[SourceVersion "1"]
[SourceVersionDate "2015.03.02"]
[SourceQuality "1"]

1. d4 f5 2. Bg5 g6 3. Nc3 Bg7 4. h4 d6 5. e3 h6 6. Bf4 Nf6 7. Qf3 0-0 8. Bc4+ e6 9. Nge2 Qe8 10. 0-0-0 d5 11. Bd3 Qf7 12. Be5 Nc6 13. Bxf6 Qxf6 14. Nf4 Nb4 15. Be2 c5 16. Qg3 Kh7 17. h5 g5 18. Ng6 Rd8 19. Ne5 Nc6 20. Nxc6 bxc6 21. Na4 c4 22. Qc7 Bd7 23. Nc5 Be8 24. g4 Rac8 25. Qg3 Bf8 26. f4 Bxc5 27. fxg5 hxg5 28. dxc5 Rb8 29. c3 Rb7 30. Kc2 Rdb8 31. Rb1 f4 32. Qf3 e5 33. e4 Bf7 34. b3 cxb3+ 35. axb3 Kh6 36. b4 dxe4 37. Qxe4 Bd5 38. Qd3 Bxh1 39. Rxh1 Rd8 0-1

[Event "EU-ch blitz"]
[Site "Wroclaw"]
[Date "2014.12.19"]
[Round "1"]
[White "Shimanov, Aleksandr"]
[Black "Somyk, Marcin"]
[Result "1-0"]
[WhiteElo "2591"]
[BlackElo "1988"]
[PlyCount "53"]
[EventDate "2014.12.19"]
[EventType "swiss (blitz)"]
[EventRounds "11"]
[EventCountry "POL"]
[SourceTitle "CBM 164 Extra"]
[Source "ChessBase"]
[SourceDate "2015.03.02"]
[SourceVersion "1"]
[SourceVersionDate "2015.03.02"]
[SourceQuality "1"]

1. e4 c5 2. Nf3 Nc6 3. Bb5 d6 4. 0-0 Bd7 5. c3 Nf6 6. Re1 a6 7. Bf1 Bg4 8. h3 Bh5 9. d3 e6 10. Nbd2 Be7 11. g4 Bg6 12. Bg2 0-0 13. Nf1 Nd7 14. Ng3 d5 15. Qe2 Re8 16. g5 f6 17. h4 Bf7 18. Bh3 Nf8 19. Kh2 Bd6 20. Rg1 Kh8 21. Kh1 e5 22. gxf6 gxf6 23. Nf5 Ne6 24. Nh6 Bh5 25. Bg4 dxe4 26. Bxh5 exf3 27. Nf7# 1-0

[Event "Wroclaw op 9th"]
[Site "Wroclaw"]
[Date "2014.07.03"]
[Round "7"]
[White "Reza, Wojciech"]
[Black "Somyk, Marcin"]
[Result "1-0"]
[WhiteElo "2168"]
[BlackElo "1965"]
[PlyCount "59"]
[EventDate "2014.06.29"]
[EventType "swiss"]
[EventRounds "9"]
[EventCountry "POL"]
[SourceTitle "EXT 2015"]
[Source "ChessBase"]
[SourceDate "2014.11.20"]
[SourceVersion "1"]
[SourceVersionDate "2014.11.20"]
[SourceQuality "1"]

1. e4 g6 2. d4 Bg7 3. c4 d6 4. Nc3 Nd7 5. f4 e5 6. fxe5 dxe5 7. d5 a5 8. Be3 Bf8 9. Nf3 f6 10. a3 Bd6 11. Bd3 Kf7 12. 0-0 Kg7 13. Kh1 Qe7 14. Rb1 h5 15. Na4 b6 16. Bd2 Nh6 17. b4 axb4 18. axb4 Nb8 19. c5 bxc5 20. bxc5 Bxc5 21. Nxc5 Qxc5 22. Qc1 Qxc1 23. Rfxc1 c6 24. dxc6 Ng4 25. Kg1 Na6 26. h3 Nh6 27. Rb6 Nc7 28. Rb7 Bxb7 29. cxb7 Rad8 30. Rxc7+ 1-0

[Event "Wroclaw op 9th"]
[Site "Wroclaw"]
[Date "2014.06.29"]
[Round "1"]
[White "Molenda, Maja"]
[Black "Somyk, Marcin"]
[Result "0-1"]
[WhiteElo "1114"]
[BlackElo "1965"]
[PlyCount "82"]
[EventDate "2014.06.29"]
[EventType "swiss"]
[EventRounds "9"]
[EventCountry "POL"]
[SourceTitle "EXT 2015"]
[Source "ChessBase"]
[SourceDate "2014.11.20"]
[SourceVersion "1"]
[SourceVersionDate "2014.11.20"]
[SourceQuality "1"]

1. e4 c5 2. Nf3 e6 3. d4 cxd4 4. Nxd4 a6 5. Nc3 Qc7 6. Be3 Nf6 7. Qd2 Bb4 8. Bd3 d5 9. f3 e5 10. a3 Bxc3 11. Qxc3 Qxc3+ 12. bxc3 exd4 13. cxd4 Be6 14. e5 Nfd7 15. f4 g6 16. 0-0 Nc6 17. f5 gxf5 18. Bxf5 Ne7 19. Bxe6 fxe6 20. Rab1 b5 21. Rb4 Nf5 22. Bg5 Rg8 23. Bf6 Rc8 24. Rf2 Nxf6 25. exf6 Rc4 26. Rb3 Rxd4 27. Re3 Rd1+ 28. Rf1 Rxf1+ 29. Kxf1 Nxe3+ 30. Ke2 Nxc2 31. Kf3 e5 32. g4 Kf7 33. h4 Kxf6 34. g5+ Kf5 35. h5 Rxg5 36. Ke2 Ke4 37. Kd2 Rg2+ 38. Kc1 Kd3 39. a4 Kc3 40. Kb1 Nb4 41. axb5 Rg1# 0-1

[Event "POL-chT3 Dolnoslaskie 1314"]
[Site "Poland"]
[Date "2014.01.05"]
[Round "6.12"]
[White "Somyk, Marcin"]
[Black "Kmiecik, Wojciech"]
[Result "0-1"]
[WhiteElo "1950"]
[BlackElo "2023"]
[PlyCount "138"]
[EventDate "2013.10.20"]
[EventType "team-tourn"]
[EventRounds "11"]
[EventCountry "POL"]
[SourceTitle "EXT 2018"]
[Source "ChessBase"]
[SourceDate "2017.10.13"]
[SourceVersion "1"]
[SourceVersionDate "2017.10.13"]
[SourceQuality "1"]
[WhiteTeam "Wroclaw MUKS MDK Fabryczna"]
[BlackTeam "Przedwojow Debiut"]
[WhiteTeamCountry "POL"]
[BlackTeamCountry "POL"]

1. e4 e6 2. d4 d5 3. exd5 exd5 4. c4 Nc6 5. Nc3 Bb4 6. a3 Bxc3+ 7. bxc3 Nge7 8. Bd3 0-0 9. Qc2 h6 10. Ne2 dxc4 11. Bxc4 Bf5 12. Qd1 Qd6 13. Ng3 Bg6 14. 0-0 Nd5 15. Qf3 Rad8 16. a4 Rfe8 17. Ba3 Qd7 18. h4 Na5 19. Ba2 Nf6 20. h5 Bc2 21. Rfc1 Bb3 22. Nf5 Bxa2 23. Rxa2 Qe6 24. Rac2 Nc4 25. Be7 Rxe7 26. Nxe7+ Qxe7 27. Qxb7 a5 28. Qb5 Na3 29. Re2 Qd7 30. Qb3 Qg4 31. f3 Qf4 32. Qxa3 Rd5 33. Rce1 Rxh5 34. Qc1 Qg3 35. Re5 Rh2 36. Qc2 g6 37. Qf2 Rh1+ 38. Kxh1 Qxf2 39. R1e2 Qf1+ 40. Kh2 h5 41. Rb2 h4 42. Rxa5 Qe1 43. Rc5 Nh5 44. a5 Ng3 45. Kh3 Nf5 46. Kh2 Ng3 47. Kh3 Qh1+ 48. Kg4 f5+ 49. Kg5 Qc1+ 50. Kxg6 Qxb2 51. Rxc7 Qb8 52. Rg7+ Kf8 53. Rf7+ Ke8 54. a6 Qb3 55. Rf6 Qg8+ 56. Kh6 Ke7 57. Rb6 Kd7 58. a7 Qa8 59. Rg6 Ne2 60. Kh7 h3 61. gxh3 Qxf3 62. Rg8 Qxh3+ 63. Kg7 Qg4+ 64. Kh8 Qh5+ 65. Kg7 Nf4 66. Rd8+ Ke7 67. a8Q Ne6+ 68. Kg8 Qg6+ 69. Kh8 Qg7# 0-1

[Event "POL-chT3 Dolnoslaskie 1314"]
[Site "Poland"]
[Date "2013.11.17"]
[Round "3.27"]
[White "Wrobel, Maciej"]
[Black "Somyk, Marcin"]
[Result "1/2-1/2"]
[WhiteElo "1953"]
[BlackElo "1950"]
[PlyCount "89"]
[EventDate "2013.10.20"]
[EventType "team-tourn"]
[EventRounds "11"]
[EventCountry "POL"]
[SourceTitle "EXT 2018"]
[Source "ChessBase"]
[SourceDate "2017.10.13"]
[SourceVersion "1"]
[SourceVersionDate "2017.10.13"]
[SourceQuality "1"]
[WhiteTeam "Olawa MGLKS Parnas"]
[BlackTeam "Wroclaw MUKS MDK Fabryczna"]
[WhiteTeamCountry "POL"]
[BlackTeamCountry "POL"]

1. e4 c5 2. Nf3 e6 3. d3 Nc6 4. g3 g6 5. Bg2 Bg7 6. 0-0 Nge7 7. Re1 e5 8. a4 0-0 9. Na3 d6 10. Nc4 h6 11. Bd2 Be6 12. b3 Kh7 13. Rb1 Qd7 14. Nh4 f5 15. exf5 Nxf5 16. Nxf5 Bxf5 17. Ne3 Bh3 18. Bxh3 Qxh3 19. c3 Rae8 20. f3 Rf7 21. Qe2 Ref8 22. Rf1 Ne7 23. Nc4 Qe6 24. Rbe1 Qd5 25. Qe4 Rxf3 26. Qxd5 Nxd5 27. Nxd6 Rxd3 28. Nc4 Rxf1+ 29. Kxf1 Nb6 30. Ke2 e4 31. Nxb6 axb6 32. Rc1 h5 33. Rc2 Be5 34. b4 c4 35. b5 h4 36. gxh4 Bxh2 37. Be3 Be5 38. Bxb6 Bxc3 39. a5 Rh3 40. a6 bxa6 41. bxa6 Rh2+ 42. Kd1 Rh1+ 43. Ke2 Rh2+ 44. Kd1 Rh1+ 45. Ke2 1/2-1/2

[Event "Wroclaw op-B 8th"]
[Site "Wroclaw"]
[Date "2013.07.04"]
[Round "4"]
[White "Somyk, Marcin"]
[Black "Stelmaszuk, Maciej"]
[Result "0-1"]
[WhiteElo "1973"]
[BlackElo "1537"]
[PlyCount "105"]
[EventDate "2013.07.01"]
[EventType "swiss"]
[EventRounds "9"]
[EventCountry "POL"]
[SourceTitle "EXT 2014"]
[Source "ChessBase"]
[SourceDate "2013.11.20"]
[SourceVersion "1"]
[SourceVersionDate "2013.11.20"]
[SourceQuality "1"]

1. e4 c6 2. c4 d5 3. cxd5 cxd5 4. exd5 Nf6 5. Qa4+ Nbd7 6. Nc3 g6 7. Bc4 Bg7 8. Nge2 0-0 9. Qb3 a6 10. a4 Ne5 11. d3 Bf5 12. 0-0 Bxd3 13. Bxd3 Nxd3 14. Qxb7 Rb8 15. Qxa6 Nxc1 16. Rfxc1 Rxb2 17. Qc4 Qd7 18. Nd4 Ng4 19. Nc6 Rxf2 20. Ra2 Rxa2 21. Qxa2 Qd6 22. g3 Qc5+ 23. Kh1 Bxc3 24. h3 Ne3 25. Kh2 Kg7 26. Nxe7 Qxe7 27. Rxc3 Rd8 28. Qa1 Kg8 29. d6 Qe4 30. Qg1 Nd5 31. Rc6 Qxa4 32. Qc5 Qa2+ 33. Kh1 Qb1+ 34. Kh2 Qa2+ 35. Kh1 Nf6 36. Rc8 Rxc8 37. Qxc8+ Kg7 38. d7 Qd5+ 39. Kh2 Qxd7 40. Qc3 Qf5 41. Kg2 Qe4+ 42. Kh2 h5 43. Qb2 Qf3 44. Qe5 Kh6 45. Qb8 Kg7 46. Qe5 h4 47. gxh4 Qf2+ 48. Kh1 Qxh4 49. Kh2 Kh7 50. Qc5 Qg3+ 51. Kh1 Qxh3+ 52. Kg1 Ng4 53. Qd4 0-1

[Event "Wroclaw op-B 8th"]
[Site "Wroclaw"]
[Date "2013.07.02"]
[Round "2"]
[White "Tamon, Radoslaw"]
[Black "Somyk, Marcin"]
[Result "0-1"]
[WhiteElo "1611"]
[BlackElo "1973"]
[PlyCount "138"]
[EventDate "2013.07.01"]
[EventType "swiss"]
[EventRounds "9"]
[EventCountry "POL"]
[SourceTitle "EXT 2014"]
[Source "ChessBase"]
[SourceDate "2013.11.20"]
[SourceVersion "1"]
[SourceVersionDate "2013.11.20"]
[SourceQuality "1"]

1. e4 d6 2. d4 Nf6 3. Nc3 e5 4. Nf3 Nbd7 5. Bc4 Be7 6. h3 c6 7. a4 b6 8. Be3 Bb7 9. d5 cxd5 10. Bxd5 Bxd5 11. exd5 0-0 12. 0-0 Rc8 13. Qd2 Re8 14. Rfe1 Bf8 15. Rac1 Qc7 16. Red1 Qc4 17. Bg5 Ne4 18. Nxe4 Qxe4 19. b3 h6 20. Be3 Rc7 21. c4 Rec8 22. Ne1 Qh4 23. Nf3 Qh5 24. a5 f5 25. axb6 axb6 26. Qc2 b5 27. Qa2 bxc4 28. bxc4 f4 29. Bd2 Nc5 30. Bb4 e4 31. Bxc5 exf3 32. Bd4 Qg5 33. g4 fxg3 34. fxg3 Qxg3+ 35. Kh1 Qxh3+ 36. Qh2 Qxh2+ 37. Kxh2 Rxc4 38. Rxc4 Rxc4 39. Kg3 Kf7 40. Kxf3 Be7 41. Be3 Bf6 42. Rb1 Be5 43. Rg1 g5 44. Rg2 Kg6 45. Ra2 Kf5 46. Ra8 g4+ 47. Ke2 Ke4 48. Bxh6 Kxd5 49. Rg8 g3 50. Be3 Rc7 51. Rg4 Rg7 52. Rxg7 Bxg7 53. Kf3 Be5 54. Bb6 Bd4 55. Bd8 Bf2 56. Bg5 Kc4 57. Ke2 d5 58. Bd2 Kb3 59. Bf4 Kc2 60. Kf3 d4 61. Kg2 d3 62. Kf3 d2 63. Bxd2 Kxd2 64. Kg2 Ke3 65. Kf1 Kf4 66. Kg2 Kg4 67. Kh1 Bb6 68. Kg2 Bc7 69. Kg1 Kf3 0-1

[Event "Wroclaw Anderssen Memorial op-B 22nd"]
[Site "Wroclaw"]
[Date "2013.06.30"]
[Round "3"]
[White "Somyk, Marcin"]
[Black "Jaracz, Barbara"]
[Result "0-1"]
[WhiteElo "1973"]
[BlackElo "2270"]
[PlyCount "90"]
[EventDate "2013.06.30"]
[EventType "swiss"]
[EventRounds "7"]
[EventCountry "POL"]
[SourceTitle "EXT 2014"]
[Source "ChessBase"]
[SourceDate "2013.11.20"]
[SourceVersion "1"]
[SourceVersionDate "2013.11.20"]
[SourceQuality "1"]

1. d4 Nf6 2. Nf3 g6 3. Bf4 d6 4. e3 Bg7 5. Be2 0-0 6. 0-0 c5 7. c3 Nc6 8. Na3 b6 9. h3 Bb7 10. Re1 Re8 11. Bg5 a6 12. Nc2 e5 13. d5 Ne7 14. Bxf6 Bxf6 15. e4 Bg7 16. a4 Qd7 17. Ne3 h6 18. Nc4 Qc7 19. Qb3 Nc8 20. Bd3 Rb8 21. Qc2 Ne7 22. Nfd2 Rf8 23. Ne3 Bc8 24. Ndc4 b5 25. axb5 axb5 26. Na5 c4 27. Bf1 Bd7 28. Ra3 f5 29. exf5 gxf5 30. Qd1 Ra8 31. Qa1 f4 32. Nc2 Nxd5 33. Rd1 Nf6 34. Nxc4 Rxa3 35. N4xa3 f3 36. Qa2+ Kh8 37. g3 Ne4 38. Nxb5 Bxb5 39. Bxb5 Qb6 40. Ne3 Qxb5 41. Qe6 Qe2 42. Rf1 Nxg3 43. fxg3 Qxe3+ 44. Kh2 Qe2+ 45. Kg1 Qg2# 0-1

[Event "Polanica Zdroj op-D 48th"]
[Site "Polanica Zdroj"]
[Date "2012.08.23"]
[Round "6"]
[White "Somyk, Marcin"]
[Black "Modlich, Piotr"]
[Result "1-0"]
[WhiteElo "1986"]
[BlackElo "1447"]
[PlyCount "51"]
[EventDate "2012.08.18"]
[EventType "swiss"]
[EventRounds "9"]
[EventCountry "POL"]
[SourceTitle "EXT 2014"]
[Source "ChessBase"]
[SourceDate "2013.11.20"]
[SourceVersion "1"]
[SourceVersionDate "2013.11.20"]
[SourceQuality "1"]

1. d4 d5 2. c4 e6 3. Nc3 Nf6 4. Bg5 c6 5. cxd5 exd5 6. e3 Nbd7 7. Nf3 Be7 8. Bd3 0-0 9. 0-0 Re8 10. Qc2 Nf8 11. Rab1 Ng6 12. b4 a6 13. a4 Bd6 14. b5 h6 15. Bxf6 Qxf6 16. bxc6 bxc6 17. Rfc1 Bg4 18. Nd2 Qg5 19. Nf1 h5 20. Kh1 Qh4 21. Rb6 Qf6 22. Rxc6 h4 23. Nxd5 Qe6 24. Nc7 Bxc7 25. Rxe6 Rxe6 26. Qxc7 1-0

[Event "Wroclaw op-A 7th"]
[Site "Wroclaw"]
[Date "2012.07.10"]
[Round "9"]
[White "Khamidov, Komil"]
[Black "Somyk, Marcin"]
[Result "1-0"]
[WhiteElo "2090"]
[BlackElo "1979"]
[PlyCount "61"]
[EventDate "2012.07.02"]
[EventType "swiss"]
[EventRounds "9"]
[EventCountry "POL"]
[SourceTitle "CBM 149 Extra"]
[Source "ChessBase"]
[SourceDate "2012.08.24"]
[SourceVersion "1"]
[SourceVersionDate "2012.08.24"]
[SourceQuality "1"]

1. e4 c5 2. Nf3 Nc6 3. d4 cxd4 4. Nxd4 Nf6 5. Nc3 e5 6. Ndb5 h6 7. Nd5 Nxd5 8. exd5 a6 9. dxc6 axb5 10. cxd7+ Bxd7 11. Qd5 Be7 12. Bd3 Qc7 13. 0-0 b4 14. Re1 Ra5 15. Qf3 0-0 16. Bd2 f5 17. Qg3 Kh8 18. a3 Rfa8 19. Rad1 Qb6 20. Rxe5 Bd6 21. Rxa5 Rxa5 22. Qh4 Ra4 23. axb4 Bxb4 24. b3 Bxd2 25. bxa4 Bg5 26. Qc4 Be6 27. Qb5 Qxb5 28. Bxb5 f4 29. Rd6 Bf5 30. Bd3 Be7 31. Rd4 1-0